مكتبة جامعة عجلون الوطنية

فهرس بحث المكتبة

اثر تطبيق معايير جائزة الملك عبدالله الثاني للتميز على الالتزام التنظيمي في شركة كهرباء محافظة اربد = The Impact of Implementation"King Abdullah II Award for Excellence Criteria" on The Organizational Commitment in Irbid Electricity Company / (Record no. 30440)

MARC details
000 -LEADER
fixed length control field 01377nam a2200241Ii 4500
003 - CONTROL NUMBER IDENTIFIER
control field JO-AjNU
005 - DATE AND TIME OF LATEST TRANSACTION
control field 20240626114951.0
008 - FIXED-LENGTH DATA ELEMENTS--GENERAL INFORMATION
fixed length control field 230605s9999||||xx |||||||||||||| ||und||
040 ## - CATALOGING SOURCE
Original cataloging agency JO-AjNU
Language of cataloging ara
Description conventions rda
Transcribing agency JO-AjNU
041 ## - LANGUAGE CODE
Language code of text/sound track or separate title ara
050 14 - LIBRARY OF CONGRESS CALL NUMBER
Classification number HD30.2.2020
100 #1 - MAIN ENTRY--PERSONAL NAME
Personal name بطاينة، عبدالهادي احمد جابر
Relator term معد
9 (RLIN) 65686
245 00 - TITLE STATEMENT
Title اثر تطبيق معايير جائزة الملك عبدالله الثاني للتميز على الالتزام التنظيمي في شركة كهرباء محافظة اربد = The Impact of Implementation"King Abdullah II Award for Excellence Criteria" on The Organizational Commitment in Irbid Electricity Company /
Statement of responsibility, etc. اعداد عبدالمهدي احمد جابر بطانية؛ اشراف محمود علي الروسان
264 31 - PRODUCTION, PUBLICATION, DISTRIBUTION, MANUFACTURE, AND COPYRIGHT NOTICE
Place of production, publication, distribution, manufacture 2020
300 ## - PHYSICAL DESCRIPTION
Extent 121 ورقة
336 ## - CONTENT TYPE
Content type term text
Content type code txt
Source rdacontent
337 ## - MEDIA TYPE
Media type term unmediated
Media type code n
Source rdamedia
338 ## - CARRIER TYPE
Carrier type term volume
Carrier type code nc
Source rdacarrier
500 ## - GENERAL NOTE
General note رسالة جامعية(اطروحة ماجستير) جامعة عجلون الوطنية: كلية ادارة الاعمال، ادارة الاعمال،2020
650 #4 - SUBJECT ADDED ENTRY--TOPICAL TERM
Topical term or geographic name entry element تطبيق المعايير - جائزة الملك عبدالله الثاني - شركة الكهرباء - اربد - الاردن
9 (RLIN) 59688
700 #1 - ADDED ENTRY--PERSONAL NAME
Personal name الروسان، محمود علي
Relator term مشرف
9 (RLIN) 65363
942 ## - ADDED ENTRY ELEMENTS (KOHA)
Source of classification or shelving scheme Library of Congress Classification
Koha item type Thesis
Holdings
Withdrawn status Lost status Source of classification or shelving scheme Damaged status Not for loan Home library Current library Shelving location Date acquired Total Checkouts Full call number Barcode Date last seen Price effective from Koha item type
    Library of Congress Classification     مكتبة جامعة عجلون الوطنية مكتبة جامعة عجلون الوطنية المراجع 06/06/2023   HD30.2.2020 A26872 06/06/2023 06/06/2023 Thesis
    Library of Congress Classification     مكتبة جامعة عجلون الوطنية مكتبة جامعة عجلون الوطنية   26/06/2024   HD30.2.2020 a26871 26/06/2024 26/06/2024 Thesis